Libro de las juventudes sudamericanas

I tiakina i:
Ngā taipitopito rārangi puna kōrero
Hōputu: Pukapuka
Reo:Pāniora
I whakaputaina: Río de Janeiro Instituto Brasileiro de Análises Sociais e Econômicas 2010
Ngā marau:
Ngā Tūtohu: Tāpirihia he Tūtohu
Kāore He Tūtohu, Me noho koe te mea tuatahi ki te tūtohu i tēnei pūkete!

MARC

LEADER 00000nam a2200000 a 4500
001 UCG3829
003 CL-VaPUC
008 100916e20100500bl |||||||||||||||||spa|d
020 |a 9788589447225 
082 0 4 |a 305.23  |b LIB  |2 21 
245 1 0 |a Libro de las juventudes sudamericanas 
300 |a 159 p 
942 |c BK 
945 |d 20100916 00:00:00  |a mfarfan 
260 |a Río de Janeiro  |b Instituto Brasileiro de Análises Sociais e Econômicas  |c 2010 
500 |a Incluye 2 Cd-Rom 
650 7 |a JUVENTUD Y ASPECTOS SOCIALES  |2 CL-VaPUC  |9 553121 
650 0 |a Juventud  |9 271073 
650 0 |a Interacción social   |9 307764 
650 0 |a Participación social  |9 256140 
583 |a last modification  |c 20171114 01:34:14  |k Rodrigo Vera 
999 |c 342801  |d 342799 
952 |0 0  |1 0  |4 0  |6 305_230000000000000_LIB_2010  |7 0  |8 A  |9 439339  |a BIBGIM  |b BIBGIM  |d 2019-11-22  |i 4713117  |o 305.23 LIB 2010  |p 4713117  |r 2025-01-15  |w 2019-11-22  |y BK  |k GIM 
952 |0 0  |1 0  |4 0  |6 305_230000000000000_LIB_2010  |7 0  |8 A  |9 439340  |a BIBEDU  |b BIBEDU  |d 2019-11-22  |i 4740904  |o 305.23 LIB 2010  |p 4740904  |r 2019-11-22  |w 2019-11-22  |y BK  |k BME